Score 0/29 Timer 10:00
0 Plays Today
Username Real Name % Correct
ZexyZekJohn
100%
MikgregMike
96.9%
BeccumBec
96.9%
mike2500Mike
96.9%
_NickTNick
96.9%
_CerealMike
96.9%
noahnoobfaxNoah
93.8%
TurpzAlly
90.6%
jmandrews10James
81.3%
sharonroxSharon
81.3%
RawrEddyEddy
78.1%
Shadic375Chris
75%
bearsadlerElena
75%
_BlueJayJay
71.9%
corigoldEmmilëën
71.9%
Username Real Name % Correct
Spad_Nathan
68.8%
bubbleloxEmily
65.6%
Ad237Adam
65.6%
CarmauCarsten
65.6%
HankularyHank
62.5%
magica789Matt
62.5%
yesnosplashnoAidan
59.4%
Kira_CharBritt
56.3%
Photon_CannonJesse
53.1%
UndeadKing115Brandon
53.1%
pikachumaster999Karthik
43.8%
Shadow1781Pierson
40.6%
OutlandishFeelsCheyenne
37.5%
xx_BruneiBabesSanne
37.5%
Remove Ads.
Support Sporcle.
Get the best of Sporcle when you Go Orange. This ad-free experience offers more features, more stats, and more fun while also helping to support Sporcle. Thank you for becoming a member.

You're not logged in!

Compare scores with friends on all Sporcle quizzes.
OR
Log In

Show Comments

Extras

Created Jan 4, 2015ReportNominate
Tags:omega, staff, Username

Top Quizzes Today


Score Distribution

Your Account Isn't Verified!

In order to create a playlist on Sporcle, you need to verify the email address you used during registration. Go to your Sporcle Settings to finish the process.

Report this User

Report this user for behavior that violates our Community Guidelines.

Details: